000
00334nam a2200157Ia 4500
003
0STCL
008
150530s9999 xx 000 0 und d
040
_a
STCL
_c
STCL
100
_a
Arun Josh
245
_a
City and the river
260
_c
1994
546
_a
English
942
_2
ddc
_c
BK
999
_c
44748
_d
44748
005
20220125170638.0